|
|
|
|
| LEADER |
01293nam a2200253 a 4500 |
| 001 |
GR-Patra37466 |
| 008 |
150204s2014 gr z 000 0 gre d |
| 040 |
|
|
|a GrPaTEI
|b gre
|c GR-PaULI
|
| 040 |
|
|
|a GrPaTEI
|b gre
|c GR-PaULI
|
| 100 |
1 |
|
|a Παπασάββας, Χρήστος
|
| 245 |
1 |
2 |
|a Η σχέση των αποδόσεων βραχυπρόθεσμων και μακροπρόθεσμων ομολόγων /
|c Παπασάββας Χρήστος, Κακουλάκης Αλέξανδρος ; Ζαχούρης Πάρης.
|
| 260 |
|
|
|a Πάτρα :
|b ΤΕΙ ΔΥΤΙΚΗΣ ΕΛΛΑΔΑΣ,
|c 2013
|
| 300 |
|
|
|a 67σ.
|
| 650 |
|
4 |
|a ΟΜΟΛΟΓΑ
|
| 650 |
|
4 |
|a Πτυχιακή εργασία
|y 2014
|
| 650 |
|
4 |
|a Χρηματοπιστωτικά ιδρύματα
|
| 700 |
1 |
|
|a Κακουλάκης, Αλέξανδρος
|
| 710 |
0 |
|
|a Σ.Δ.Ο..
|b Τμήμα Διοίκησης Επιχειρήσεων
|
| 710 |
0 |
|
|a ΤΕΙ ΔΥΤΙΚΗΣ ΕΛΛΑΔΑΣ
|
| 856 |
4 |
0 |
|u https://nereus.library.upatras.gr/formerpat/ptyxiakes/sdo/sdo_de/2011-2014/12892pe.pdf
|
| 942 |
|
|
|2 ddc
|
| 952 |
|
|
|0 0
|1 0
|2 ddc
|4 0
|7 0
|9 317466
|a LISK
|b LISK
|c BSC
|d 2021-01-17
|e 24
|f 0
|g 0.00
|l 0
|p 92410012892
|r 2021-01-17 00:00:00
|t 1
|w 2021-01-17
|y BK15
|x 20150204 0 1
|x GrPaTEI
|
| 971 |
|
|
|a .b26850370
|b 16-04-20
|c 27-09-16
|
| 999 |
|
|
|c 180662
|d 180662
|